Protecting your rental income stream (Record no. 112210)

MARC details
000 -LEADER
fixed length control field 00881cad a22002535a 4500
001 - CONTROL NUMBER
control field L152775
008 - FIXED-LENGTH DATA ELEMENTS--GENERAL INFORMATION
fixed length control field 110421s2011 xxk f 000 0 eng d
035 ## - SYSTEM CONTROL NUMBER
System control number (Sirsi) u152775
041 0# - LANGUAGE CODE
Language code of text/sound track or separate title eng
050 04 - LIBRARY OF CONGRESS CALL NUMBER
Classification number 306.1 $2 18
100 1# - MAIN ENTRY--PERSONAL NAME
Personal name Kenny, Liz
245 00 - TITLE STATEMENT
Title Protecting your rental income stream
Medium [electronic resource]
260 ## - PUBLICATION, DISTRIBUTION, ETC.
Place of publication, distribution, etc. Coventry
Name of publisher, distributor, etc. Housemark
-- CIH
Date of publication, distribution, etc. 2011
520 ## - SUMMARY, ETC.
Summary, etc. Offers guidance to social housing providers on protecting their rental income streams in light of reduction in housing benefits.
590 ## - LOCAL NOTE (RLIN)
Local note KA
600 14 - SUBJECT ADDED ENTRY--PERSONAL NAME
Personal name Wickenden, John
600 14 - SUBJECT ADDED ENTRY--PERSONAL NAME
Personal name Davies, Abigail
600 14 - SUBJECT ADDED ENTRY--PERSONAL NAME
Personal name Lister, Sam
600 14 - SUBJECT ADDED ENTRY--PERSONAL NAME
Personal name O'Connor, Paul
651 #4 - SUBJECT ADDED ENTRY--GEOGRAPHIC NAME
Geographic name England and Wales
Chronological subdivision 1543-
690 ## - LOCAL SUBJECT ADDED ENTRY--TOPICAL TERM (OCLC, RLIN)
Topical term or geographic name as entry element PROPERTY-RESIDENTIAL PROPERTY
856 40 - ELECTRONIC LOCATION AND ACCESS
Uniform Resource Identifier <a href="https://www.cih.org/policy/fpp-ProtectingYourRentalStream-Apr11.pdf">https://www.cih.org/policy/fpp-ProtectingYourRentalStream-Apr11.pdf</a>
Public note View the item free of charge at www.cih.org
942 ## - ADDED ENTRY ELEMENTS (KOHA)
Suppress in OPAC 0
Holdings
Withdrawn status Lost status Source of classification or shelving scheme Damaged status Not for loan Home library Current library Shelving location Date acquired Total Checkouts Full call number Barcode Date last seen Copy number Price effective from Koha item type
    Dewey Decimal Classification     Virtual Virtual Online 21/04/2011   ONLINE PUBLICATION 152775-2001 06/08/2019 1 06/08/2019 Book